Inside lawyers' ethics (Record no. 108913)

MARC details
000 -LEADER
fixed length control field 01819cam a22002775a 4500
001 - CONTROL NUMBER
control field L145773
008 - FIXED-LENGTH DATA ELEMENTS--GENERAL INFORMATION
fixed length control field 081106s2007 xxkad f 001 0 eng d
020 ## - INTERNATIONAL STANDARD BOOK NUMBER
International Standard Book Number 9780521546645
035 ## - SYSTEM CONTROL NUMBER
System control number (Sirsi) u145773
041 0# - LANGUAGE CODE
Language code of text/sound track or separate title eng
050 04 - LIBRARY OF CONGRESS CALL NUMBER
Classification number 174.30994 $2 22
100 1# - MAIN ENTRY--PERSONAL NAME
Personal name Parker, Christine
245 00 - TITLE STATEMENT
Title Inside lawyers' ethics
260 ## - PUBLICATION, DISTRIBUTION, ETC.
Place of publication, distribution, etc. Cambridge
Name of publisher, distributor, etc. Cambridge University Press
Date of publication, distribution, etc. 2007
300 ## - PHYSICAL DESCRIPTION
Extent xvii, 269p.
Other physical details ill.
Dimensions 23cm.
350 ## - PRICE (NR) (BK AM CF MU VM SE) [OBSOLETE]
Price 30
505 2# - FORMATTED CONTENTS NOTE
Formatted contents note Preface -- Acknowledgements -- List of tables -- List of figures -- List of illustrations -- List of case studies -- List of statutes -- Table of cases
505 2# - FORMATTED CONTENTS NOTE
Formatted contents note Introduction, values in practice -- Alternatives to adverserial advocacy -- The responsibility climate, regulation of lawyers' ethics -- Civil litigation and excessive adverserialism -- Ethics in criminal justice, proof and truth -- Ethics in negotiation and alternative dispute resolution -- Conflicting loyalties -- Lawyers' fees and costs, billing and over-charging -- Corporate lawyers and corporate misconduct -- Conclusion, personal professionalism, personal values and legal professionalism.
520 ## - SUMMARY, ETC.
Summary, etc. Textbook is designed to help law students and new lawyers understand and modify their own ethical priorities, with the intention of making them better practitioners, but also because ethical practice improves the entire legal process. Features a range of case studies on ethical concerns from Australian case law and seeks to clarify routes for dealing with cases that challenge personal ethics. Looks at the values of current practice and suggests ethical alternatives for the legal practitioner.
521 ## - TARGET AUDIENCE NOTE
Target audience note Advanced
590 ## - LOCAL NOTE (RLIN)
Local note KA
651 #4 - SUBJECT ADDED ENTRY--GEOGRAPHIC NAME
Geographic name International
690 ## - LOCAL SUBJECT ADDED ENTRY--TOPICAL TERM (OCLC, RLIN)
Topical term or geographic name as entry element MANAGEMENT-BUSINESS MANAGEMENT-BUSINESS ETHICS
700 1# - ADDED ENTRY--PERSONAL NAME
Personal name Evans, Adrian
942 ## - ADDED ENTRY ELEMENTS (KOHA)
Suppress in OPAC 0
Holdings
Withdrawn status Lost status Source of classification or shelving scheme Damaged status Not for loan Home library Current library Shelving location Date acquired Cost, normal purchase price Total Checkouts Full call number Barcode Date last seen Date last checked out Copy number Cost, replacement price Price effective from Koha item type
    Dewey Decimal Classification     London London Books 06/11/2008 28.50 9 174.30994 PAR 30076226 06/08/2019 30/08/2017 1 28.50 06/08/2019 Book